Click the Cartoon Robot Quiz Stats

 Plays Quiz Updated Jun 9, 2018

Challenge
Share
Tweet
Score 0/15 Timer 05:00
10 Plays Today
% Correct
R2-D2
96.6%
Inspector Gadget
95.6%
Robot Chicken
95.5%
Optimus Prime
93.6%
Bender Bending
Rodriguez
93.2%
Rosie
86.1%
Cyborg
83.8%
Jenny XJ9
82.7%
% Correct
Ultron
78.6%
Goddard
61.3%
Gir
55.7%
Karen
53.7%
Robot Jones
52.7%
Frankie
49%
Larry 3000
46.7%

You're not logged in!

Compare scores with friends on all Sporcle quizzes.
OR
Log In

You Might Also Like...

Show Comments

Extras

Top Quizzes Today


Score Distribution

Your Account Isn't Verified!

In order to create a playlist on Sporcle, you need to verify the email address you used during registration. Go to your Sporcle Settings to finish the process.

Report this User

Report this user for behavior that violates our Community Guidelines.

Details: